000 00722nam a22001457a 4500
999 _c61113
_d61113
005 20231220150055.0
008 231220s1976 ru ||||| |||| 00| 0 rus d
041 _arus
080 _a902(3)(075.8) X-98
245 _aХудожественная культура и археология античного мира :
_bсборник памяти /
_cБ. В. Фармаковского. Акад. наук CCCР, Ин-т археологии.
264 _aМосква :
_bНаука,
_c1976.
300 _a240 с. :
_bил. ;
_c25 см.
653 _aანტიკური სამყაროს მხატვრული კულტურა და არქეოლოგია
942 _2udc
_cᲬᲘᲒᲜᲘ